Normal view
MARC view
- Sup: Dr. Muhammad Aslam.
Entry Personal Name
001 - CONTROL NUMBER
- control field: 19487
003 - CONTROL NUMBER IDENTIFIER
- control field: NUST
005 - DATE AND TIME OF LATEST TRANSACTION
- control field: 20190824163137.0
008 - FIXED-LENGTH DATA ELEMENTS
- fixed length control field: 190824|| aca||aabn | a|a d
040 ## - CATALOGING SOURCE
- Original cataloging agency: NUST
- Transcribing agency: NUST
100 ## - HEADING--PERSONAL NAME
- Personal name: Sup: Dr. Muhammad Aslam.
670 ## - SOURCE DATA FOUND
- Source citation: Work cat.: (NUST)527986: Lodhi, Ghulam Mustafa 19484, Effects of Stress on Testicular Steroidogenesis and Role of Antioxidant Supplementation /, 2012.
